Statistics for Countries with Nukes Map

Click here to take the quiz!

General Stats

  • This quiz has been taken 113 times
  • The average score is 9 of 9

Answers on the Map

Answers color-coded by a green-red scale on the quiz's map according to % correct below.
 

Answer Stats

Answer% Correct
Russia
100%
United States
100%
France
99%
China
98%
India
98%
United Kingdom
98%
North Korea
96%
Pakistan
87%
Israel
86%

Score Distribution

Percentile by Number Answered

Percent of People with Each Score

Your Score History

You have not taken this quiz